Frontones madrileños (Record no. 183590)

MARC details
000 -LEADER
campo de control de longitud fija 00986nam a2200253 i 4500
001 - NÚMERO DE CONTROL
campo de control 183590
003 - IDENTIFICADOR DE NÚMERO DE CONTROL
campo de control ES-MaACL
005 - FECHA Y HORA DE LA ÚLTIMA TRANSACCIÓN
campo de control 20250828063301.0
008 - DATOS DE LONGITUD FIJA--INFORMACIÓN GENERAL
campo de control de longitud fija 140724s2013 sp ac | |||||||| | spa d
020 ## - NÚMERO INTERNACIONAL ESTÁNDAR DEL LIBRO
Número Internacional Estándar del Libro 978-84-9873-204-7
080 ## - NÚMERO DE LA CLASIFICACIÓN DECIMAL UNIVERSAL
Número de la Clasificación Decimal Universal 725.893.035/.036(460.27 M.):796.3
080 ## - NÚMERO DE LA CLASIFICACIÓN DECIMAL UNIVERSAL
Número de la Clasificación Decimal Universal 796.31(460.27 M.)"18/19"
100 1# - ENTRADA PRINCIPAL--NOMBRE DE PERSONA
Nombre de persona Ramos Altamira, Ignacio,
Fechas asociadas al nombre 1968-
9 (RLIN) 155091
245 10 - MENCIÓN DEL TÍTULO
Título Frontones madrileños
Resto del título : auge y caída de la pelota vasca en Madrid /
Mención de responsabilidad, etc. Ignacio Ramos Altamira.
260 ## - PUBLICACIÓN, DISTRIBUCIÓN, ETC.
Lugar de publicación, distribución, etc. Madrid :
Nombre del editor, distribuidor, etc. La Librería,
Fecha de publicación, distribución, etc. D.L. 2013.
300 ## - DESCRIPCIÓN FÍSICA
Extensión 217 p. :
Otras características físicas il., retr. ;
Dimensiones 21 cm.
504 ## - NOTA DE BIBLIOGRAFÍA, ETC.
Nota de bibliografía, etc. Bibliografía: p. 215-217.
650 #7 - PUNTO DE ACCESO ADICIONAL DE MATERIA--TÉRMINO DE MATERIA
Término de materia o nombre geográfico como elemento de entrada Frontones-
Subdivisión geográfica Madrid.
9 (RLIN) 155092
650 #7 - PUNTO DE ACCESO ADICIONAL DE MATERIA--TÉRMINO DE MATERIA
Término de materia o nombre geográfico como elemento de entrada Pelota vasca-
Subdivisión geográfica Madrid.
9 (RLIN) 155093
852 ## - LOCALIZACIÓN
Ubicación ES-MaACL
Número de control de estantería N-6195
itemnumber 190532
Sublocalización o colección R.150054
Ubicación en estantería Depósito 1
Signatura antigua Olim: N-6195
Anotaciones manuscritas Dedicatoria autógrafa del autor
Donativo/Legado Donación: Ignacio Ramos Altamira
903 ## - NOMBRE PERSONAL DE DONANTE
a Ramos Altamira, Ignacio,
d 1968-
e Donante
9 155091
942 ## - ELEMENTOS DE ENTRADA SECUNDARIOS (KOHA)
Fuente del sistema de clasificación o colocación Clasificación decimal universal
Tipo de ítem Koha Libro impreso
Holdings
Estatus retirado Estado de pérdida Fuente del sistema de clasificación o colocación Estado de daño No para préstamo Colección Biblioteca de origen Biblioteca actual Ubicación en estantería Fecha de adquisición Fuente de adquisición Total de préstamos Signatura topográfica completa Código de barras Visto por última vez Precio de reemplazo Tipo de ítem Koha Nota pública
    Clasificación decimal universal     Libros con dedicatorias Biblioteca del Ateneo de Madrid Biblioteca del Ateneo de Madrid Depósito 1 24/07/2014 Donación   A-13195 1192972 23/02/2023 23/02/2023 Libro impreso Dedicatoria autógrafa del autor